Statistics for Letter connect #1

Click here to take the quiz!

General Stats

  • This quiz has been taken 21 times
  • The average score is 3 of 5

Answer Stats

QuestionAnswer% Correct
Choose a lettera
72%
Choose a lettery
61%
Choose a letterg
50%
Choose a letterr
50%
Choose a lettern
44%

Score Distribution

Percentile by Number Answered

Percent of People with Each Score

Your Score History

You have not taken this quiz